| 000 | 00580nam a2200193Ia 4500 | ||
|---|---|---|---|
| 005 | 20260114185830.0 | ||
| 008 | 008 260114s9999 xx 000 0 eng d | ||
| 020 | _a9781350042223 | ||
| 037 | _aEBOOK | ||
| 040 |
_aCRL _beng _cCRL |
||
| 041 |
_aeng _2eng |
||
| 084 | _qCRL | ||
| 100 |
_aRichard Wilk and Livia Barbosa _9874955 |
||
| 245 | 0 | _aRice and Beans A Unique Dish in a Hundred Places | |
| 260 |
_bBloomsbury _c2013 |
||
| 856 | _uhttps://doi.org/10.5040/9781350042223?locatt=label:secondary_bloomsburyCollections | ||
| 942 | _cEBOOK | ||
| 999 |
_c1473889 _d1473889 |
||